[Event "RUS-CHN Junior rapid"]
[Site "Ekaterinburg"]
[Date "2025.07.12"]
[Round "1.4"]
[White "Wang, Qinxuanyi"]
[Black "Golikov, Ivan"]
[Result "1/2-1/2"]
[WhiteElo "2242"]
[BlackElo "1816"]
[PlyCount "131"]
[EventDate "2025.07.12"]
[EventType "schev (rapid)"]
[EventRounds "8"]
[EventCountry "RUS"]
[SourceTitle "CB29_2025"]
[SourceDate "2025.07.16"]
[SourceVersion "1"]
[SourceVersionDate "2025.07.16"]
[SourceQuality "1"]
[WhiteTeam "CHN"]
[BlackTeam "RUS"]
[WhiteTeamCountry "CHN"]
[BlackTeamCountry "RUS"]

1. d4 Nf6 2. c4 e6 3. Nf3 b6 4. a3 Bb7 5. Nc3 d5 6. cxd5 Nxd5 7. Qc2 Nxc3 8. bxc3 c5 9. Bf4 Bd6 10. Bxd6 Qxd6 11. e3 Nd7 12. Be2 0-0 13. 0-0 Rac8 14. Qb2 Rfd8 15. Rfd1 Qe7 16. a4 cxd4 17. cxd4 Be4 18. Rac1 Nf6 19. Ne5 Nd7 20. Nc4 h6 21. Nd2 Bc6 22. Qb3 Bd5 23. Bc4 Bb7 24. f4 Nf6 25. a5 Bd5 26. axb6 axb6 27. Qxb6 Rb8 28. Qa5 Bxc4 29. Nxc4 Rdc8 30. Ne5 Qb7 31. Qa2 Qe4 32. Qd2 Nd5 33. Kf2 Rxc1 34. Rxc1 Rb3 35. Nc4 Qg6 36. Qc2 Qxc2+ 37. Rxc2 Nf6 38. h3 Ne4+ 39. Kf3 f5 40. Nd2 Nxd2+ 41. Rxd2 Kf7 42. Rc2 Kf6 43. Rc6 Rb5 44. g3 Ra5 45. Rc3 Ra1 46. e4 fxe4+ 47. Kxe4 g5 48. fxg5+ hxg5 49. Rf3+ Kg6 50. Re3 Kf6 51. Rf3+ Kg6 52. Ke5 Re1+ 53. Kd6 Re4 54. Rd3 Kf6 55. Kc5 Kg6 56. Ra3 Kf7 57. Ra7+ Kf6 58. Ra6 Kf7 59. Ra8 Re3 60. h4 Rxg3 61. h5 Rh3 62. Ra7+ Kf6 63. Rh7 g4 64. Kd6 Rd3 65. Kc5 Rh3 66. Kd6 1/2-1/2

[Event "CHN-ch (Women)"]
[Site "Xinghua"]
[Date "2025.06.30"]
[Round "8"]
[White "Wang, Qinxuanyi"]
[Black "Du, Yuxin"]
[Result "1-0"]
[WhiteElo "2242"]
[BlackElo "2021"]
[PlyCount "69"]
[EventDate "2025.06.23"]
[EventType "swiss"]
[EventRounds "11"]
[EventCountry "CHN"]
[SourceTitle "CB28_2025"]
[SourceDate "2025.07.09"]
[SourceVersion "1"]
[SourceVersionDate "2025.07.09"]
[SourceQuality "1"]

1. d4 Nf6 2. c4 e6 3. Nf3 d5 4. Nc3 Bb4 5. Bg5 h6 6. Bxf6 Qxf6 7. e3 0-0 8. Rc1 Rd8 9. Qb3 Bxc3+ 10. Qxc3 c6 11. Be2 dxc4 12. Bxc4 Nd7 13. Bb3 b6 14. Qxc6 Ba6 15. Qa4 Bb7 16. Bd1 e5 17. Rc7 Bc8 18. Rxa7 Rxa7 19. Qxa7 exd4 20. Nxd4 Nc5 21. 0-0 Ba6 22. Re1 Bb7 23. Qa3 Ra8 24. Qc3 Rxa2 25. f3 Ra8 26. b4 Ne6 27. Bb3 Rc8 28. Qd3 Nxd4 29. Qxd4 Qxd4 30. exd4 Kf8 31. Kf2 Rc3 32. Re3 Rc1 33. d5 Rc7 34. d6 Rc8 35. d7 1-0

[Event "CHN-ch (Women)"]
[Site "Xinghua"]
[Date "2025.06.28"]
[Round "6"]
[White "Wang, Qinxuanyi"]
[Black "Yan, Tianqi"]
[Result "1/2-1/2"]
[WhiteElo "2242"]
[BlackElo "2304"]
[PlyCount "44"]
[EventDate "2025.06.23"]
[EventType "swiss"]
[EventRounds "11"]
[EventCountry "CHN"]
[SourceTitle "CB28_2025"]
[SourceDate "2025.07.09"]
[SourceVersion "1"]
[SourceVersionDate "2025.07.09"]
[SourceQuality "1"]

1. d4 Nf6 2. c4 e6 3. Nf3 Bb4+ 4. Nbd2 b6 5. a3 Bxd2+ 6. Nxd2 Bb7 7. e3 d5 8. b3 Qd6 9. Bb2 Nbd7 10. Be2 e5 11. cxd5 Qxd5 12. dxe5 Nxe5 13. Nf3 Nxf3+ 14. Bxf3 Qxd1+ 15. Rxd1 Bxf3 16. gxf3 Ke7 17. Rg1 g6 18. Rg5 Rhd8 19. Re5+ Kf8 20. Rg5 Ke7 21. Re5+ Kf8 22. Rg5 Ke7 1/2-1/2

[Event "CHN-ch (Women)"]
[Site "Xinghua"]
[Date "2025.06.26"]
[Round "4"]
[White "Wang, Qinxuanyi"]
[Black "Yang, Yijing"]
[Result "1-0"]
[WhiteElo "2242"]
[BlackElo "2066"]
[PlyCount "101"]
[EventDate "2025.06.23"]
[EventType "swiss"]
[EventRounds "11"]
[EventCountry "CHN"]
[SourceTitle "CB28_2025"]
[SourceDate "2025.07.09"]
[SourceVersion "1"]
[SourceVersionDate "2025.07.09"]
[SourceQuality "1"]

1. d4 e6 2. c4 Nf6 3. Nf3 h6 4. Nc3 Bb4 5. Qc2 c5 6. dxc5 Na6 7. c6 bxc6 8. g3 0-0 9. Bg2 Qe7 10. a3 Bxc3+ 11. Qxc3 Nc5 12. b4 Nce4 13. Qc2 d5 14. Nd2 Nxf2 15. Kxf2 Ng4+ 16. Ke1 Qf6 17. Bf3 Qxa1 18. Bxg4 dxc4 19. Bf3 Ba6 20. Qb2 Qxb2 21. Bxb2 Bb5 22. Bc3 f5 23. Kf2 Rac8 24. Ra1 Rfd8 25. a4 Ba6 26. Nf1 Rd6 27. Rb1 g5 28. Be5 Rd7 29. Ne3 Rb7 30. Nc2 Rd7 31. Ke1 Kf7 32. Na3 Kg6 33. Rc1 Rd5 34. Bxd5 exd5 35. Bd4 Rc7 36. Kd2 Re7 37. e3 Bc8 38. b5 cxb5 39. Nxb5 a6 40. Nc3 Bb7 41. Rb1 Kh5 42. Rb6 Rh7 43. h3 f4 44. exf4 gxf4 45. gxf4 Kh4 46. Rg6 Kxh3 47. Ne2 Bc8 48. Bg7 a5 49. Ke3 Bd7 50. Nc3 h5 51. Nxd5 1-0

[Event "CHN-ch (Women)"]
[Site "Xinghua"]
[Date "2025.06.25"]
[Round "3"]
[White "Ni, Shiqun"]
[Black "Wang, Qinxuanyi"]
[Result "1/2-1/2"]
[WhiteElo "2342"]
[BlackElo "2242"]
[PlyCount "63"]
[EventDate "2025.06.23"]
[EventType "swiss"]
[EventRounds "11"]
[EventCountry "CHN"]
[SourceTitle "CB28_2025"]
[SourceDate "2025.07.09"]
[SourceVersion "1"]
[SourceVersionDate "2025.07.09"]
[SourceQuality "1"]

1. e4 c5 2. Nf3 e6 3. c3 Nf6 4. e5 Nd5 5. d4 cxd4 6. cxd4 d6 7. Bc4 Be7 8. 0-0 0-0 9. Qe2 a6 10. Re1 b5 11. Bxd5 exd5 12. Nc3 Be6 13. Bf4 Nc6 14. Rad1 Qd7 15. h3 Rfe8 16. Qc2 Rac8 17. a3 Na5 18. exd6 Bxd6 19. Bxd6 Qxd6 20. Ne5 f6 21. Nd3 Bf5 22. Rxe8+ Rxe8 23. Qc1 Bxd3 24. Rxd3 Nc4 25. Rd1 Kf7 26. b3 Nxa3 27. Nxd5 Qxd5 28. Qxa3 Re6 29. Qb4 Rc6 30. Re1 Rd6 31. Rd1 Rc6 32. Re1 1/2-1/2

[Event "CHN Nat Games qual (Women) 15th"]
[Site "Huairou District"]
[Date "2025.06.13"]
[Round "8"]
[White "Wang, Qinxuanyi"]
[Black "Li, Junying"]
[Result "1-0"]
[WhiteElo "2242"]
[BlackElo "2063"]
[PlyCount "91"]
[EventDate "2025.06.11"]
[EventType "swiss (rapid)"]
[EventRounds "9"]
[EventCountry "CHN"]
[SourceTitle "CB25_2025"]
[SourceDate "2025.06.18"]
[SourceVersion "1"]
[SourceVersionDate "2025.06.18"]
[SourceQuality "1"]

1. d4 d6 2. e4 g6 3. Nc3 Bg7 4. Be3 Nd7 5. Qd2 a6 6. a4 c6 7. f4 Ngf6 8. h3 e5 9. Nf3 0-0 10. Bd3 Nh5 11. fxe5 dxe5 12. d5 f5 13. dxc6 bxc6 14. 0-0-0 f4 15. Bc4+ Kh8 16. Bc5 Re8 17. Bf7 Rb8 18. Bxe8 Qxe8 19. Ba3 Nb6 20. Qd8 Be6 21. Qxe8+ Rxe8 22. b3 h6 23. Rhe1 g5 24. a5 Nd7 25. Na4 Ng3 26. Bc5 g4 27. hxg4 Bxg4 28. Bf2 h5 29. Nc3 Bf8 30. Kb2 Bb4 31. Bxg3 fxg3 32. Rh1 Nc5 33. Rde1 Bxa5 34. Nd2 Bb4 35. Re3 Rf8 36. Rxg3 Rf4 37. Nc4 Bxc3+ 38. Rxc3 Nxe4 39. Rd3 Nf2 40. Rd8+ Kg7 41. Re1 e4 42. Rd6 Rf7 43. Ne3 a5 44. Ka3 Rc7 45. Rf1 Rf7 46. Rd2 1-0

[Event "CHN Nat Games qual (Women) 15th"]
[Site "Huairou District"]
[Date "2025.06.12"]
[Round "5"]
[White "Wu, Shuang1"]
[Black "Wang, Qinxuanyi"]
[Result "1/2-1/2"]
[WhiteElo "1957"]
[BlackElo "2242"]
[PlyCount "45"]
[EventDate "2025.06.11"]
[EventType "swiss (rapid)"]
[EventRounds "9"]
[EventCountry "CHN"]
[SourceTitle "CB25_2025"]
[SourceDate "2025.06.18"]
[SourceVersion "1"]
[SourceVersionDate "2025.06.18"]
[SourceQuality "1"]

1. e4 c5 2. Nf3 Nc6 3. Bb5 e6 4. Bxc6 bxc6 5. d3 Qc7 6. Qe2 e5 7. b3 d6 8. Bb2 Be7 9. Nfd2 Be6 10. Nc4 Nf6 11. Nbd2 Nd7 12. g3 f6 13. Ne3 Nb6 14. f4 0-0-0 15. 0-0-0 Kb8 16. Rdf1 Rdf8 17. Rf2 Qc8 18. Ndc4 Qc7 19. Rhf1 Bh3 20. Rg1 Be6 21. Rgf1 Bh3 22. Ng2 Be6 23. Nge3 1/2-1/2

[Event "CHN Nat Games qual (Women) 15th"]
[Site "Huairou District"]
[Date "2025.06.11"]
[Round "2"]
[White "Wang, Qinxuanyi"]
[Black "Yang, Yijing"]
[Result "1-0"]
[WhiteElo "2242"]
[BlackElo "2066"]
[PlyCount "79"]
[EventDate "2025.06.11"]
[EventType "swiss (rapid)"]
[EventRounds "9"]
[EventCountry "CHN"]
[SourceTitle "CB25_2025"]
[SourceDate "2025.06.18"]
[SourceVersion "1"]
[SourceVersionDate "2025.06.18"]
[SourceQuality "1"]

1. d4 Nf6 2. c4 e6 3. Nf3 d5 4. Nc3 Bb4 5. Bg5 h6 6. Bxf6 Qxf6 7. Qa4+ Nc6 8. e3 0-0 9. Bd3 dxc4 10. Bxc4 e5 11. 0-0 exd4 12. Nd5 Qd6 13. Nxd4 Nxd4 14. Qxb4 c5 15. Qd2 Nc6 16. Rad1 Ne5 17. Be2 Bf5 18. Qc3 Rac8 19. f3 Rfe8 20. e4 Bh7 21. f4 Nd7 22. e5 Qc6 23. Bf3 Qa6 24. Bg4 f5 25. exf6 Nxf6 26. Nxf6+ Qxf6 27. Bxc8 Qxc3 28. bxc3 Rxc8 29. f5 Rc7 30. g4 Kf7 31. Rd6 Bg8 32. Rfd1 Ke7 33. Rg6 Bxa2 34. Rxg7+ Bf7 35. h4 Kf6 36. Rh7 h5 37. Rh6+ Ke5 38. g5 Kxf5 39. Rf1+ Ke5 40. Rh7 1-0

[Event "CHN-chT (Women)"]
[Site "Hebei"]
[Date "2025.05.01"]
[Round "7.11"]
[White "Wang, Qinxuanyi"]
[Black "Sun, Jihan"]
[Result "1-0"]
[WhiteElo "2216"]
[BlackElo "1811"]
[PlyCount "87"]
[EventDate "2025.04.25"]
[EventType "team-swiss"]
[EventRounds "9"]
[EventCountry "CHN"]
[SourceTitle "CB20_2025"]
[SourceDate "2025.05.14"]
[SourceVersion "1"]
[SourceVersionDate "2025.05.14"]
[SourceQuality "1"]
[WhiteTeam "Hangzhou (W)"]
[BlackTeam "Shandong (W)"]
[WhiteTeamCountry "CHN"]
[BlackTeamCountry "CHN"]

1. d4 d5 2. c4 c6 3. Nf3 Nf6 4. Nc3 dxc4 5. a4 Bf5 6. e3 e6 7. Bxc4 Bb4 8. 0-0 0-0 9. Qe2 Bg6 10. Ne5 Nbd7 11. Nxg6 hxg6 12. Rd1 Qe7 13. e4 e5 14. d5 Nb6 15. Bb3 a5 16. Bg5 Rac8 17. dxc6 bxc6 18. Rac1 Rfd8 19. h4 Rxd1+ 20. Rxd1 Rd8 21. Rxd8+ Qxd8 22. Qa6 Qc7 23. Be3 Nbd7 24. Qc4 Nb8 25. Nd5 Nxd5 26. exd5 Qd7 27. Qe4 Qc7 28. dxc6 Nxc6 29. Qxg6 Nd4 30. Ba2 Ne2+ 31. Kh2 Nf4 32. Qe4 Bd6 33. g3 Ne2 34. Bb1 Kf8 35. Qh7 g6 36. Bh6+ Ke8 37. Qg8+ Ke7 38. Bf8+ Ke6 39. Ba2+ Kf6 40. Bxd6 Qa7 41. Qh8+ Kf5 42. Qxe5+ Kg4 43. Qxe2+ Kf5 44. Bb1+ 1-0

[Event "China zt 3.5 (Women)"]
[Site "Jiangxi"]
[Date "2025.03.27"]
[Round "6"]
[White "Wu, Shuang"]
[Black "Wang, Qinxuanyi"]
[Result "1/2-1/2"]
[WhiteElo "1885"]
[BlackElo "2165"]
[PlyCount "58"]
[EventDate "2025.03.22"]
[EventType "swiss"]
[EventRounds "9"]
[EventCountry "CHN"]
[SourceTitle "CB14_2025"]
[SourceDate "2024.11.01"]
[SourceVersion "1"]
[SourceVersionDate "2024.11.01"]
[SourceQuality "1"]

1. e4 e6 2. d4 d5 3. e5 c5 4. c3 Nc6 5. Nf3 Qb6 6. a3 Nh6 7. Bd3 cxd4 8. 0-0 Bd7 9. b4 Nf5 10. Ra2 Be7 11. Rc2 Rc8 12. Re1 h5 13. c4 dxc4 14. Rxc4 0-0 15. Nbd2 Rfd8 16. Nb3 Nb8 17. Rxc8 Rxc8 18. Bg5 Bxg5 19. Nxg5 g6 20. Nc5 Qd8 21. Nce4 Bc6 22. Nf6+ Kg7 23. b5 Bd5 24. g4 hxg4 25. Qxg4 Bc4 26. Bxf5 exf5 27. Qh4 Qh8 28. Qxd4 Qd8 29. Qh4 Qh8 1/2-1/2

[Event "China zt 3.5 (Women)"]
[Site "Jiangxi"]
[Date "2025.03.24"]
[Round "3"]
[White "Wang, Qinxuanyi"]
[Black "Du, Yuxin"]
[Result "1-0"]
[WhiteElo "2165"]
[BlackElo "2014"]
[PlyCount "113"]
[EventDate "2025.03.22"]
[EventType "swiss"]
[EventRounds "9"]
[EventCountry "CHN"]
[SourceTitle "CB14_2025"]
[SourceDate "2024.11.01"]
[SourceVersion "1"]
[SourceVersionDate "2024.11.01"]
[SourceQuality "1"]

1. d4 d5 2. c4 e6 3. Nc3 Nf6 4. Nf3 Be7 5. Bf4 0-0 6. e3 b6 7. cxd5 Nxd5 8. Nxd5 Qxd5 9. a3 Bd6 10. Bxd6 cxd6 11. Rc1 Qa5+ 12. Qd2 Qa4 13. Bd3 Nd7 14. 0-0 Nf6 15. Rc7 Bd7 16. Rc4 Qa5 17. Qxa5 bxa5 18. Rc7 Rfb8 19. Rb1 h6 20. Nd2 Bb5 21. Bxb5 Rxb5 22. Nc4 Ne8 23. Rc6 Rab8 24. g3 d5 25. Ne5 Rxb2 26. Rxb2 Rxb2 27. Rc8 Kf8 28. Ra8 Rb7 29. Nc6 Rb3 30. Rxa7 Rxa3 31. Ne5 Nd6 32. Rd7 Nc4 33. Rxf7+ Kg8 34. Re7 Nxe5 35. dxe5 Ra4 36. Rxe6 Re4 37. Ra6 Rxe5 38. Rxa5 Kf7 39. Kf1 Ke6 40. Ke2 Re4 41. Ra6+ Ke7 42. Ra7+ Kf6 43. Rd7 Re5 44. f4 Rh5 45. h4 d4 46. Rxd4 Ra5 47. Kf3 h5 48. Rd6+ Kf7 49. g4 hxg4+ 50. Kxg4 Ra4 51. h5 Ra3 52. e4 Re3 53. e5 Re1 54. Kf5 Rh1 55. Rd7+ Kg8 56. e6 Rxh5+ 57. Kg4 1-0

[Event "China zt 3.5 (Women)"]
[Site "Jiangxi"]
[Date "2025.03.23"]
[Round "2"]
[White "Ni, Shiqun"]
[Black "Wang, Qinxuanyi"]
[Result "1-0"]
[WhiteElo "2360"]
[BlackElo "2165"]
[PlyCount "69"]
[EventDate "2025.03.22"]
[EventType "swiss"]
[EventRounds "9"]
[EventCountry "CHN"]
[SourceTitle "CB14_2025"]
[SourceDate "2024.11.01"]
[SourceVersion "1"]
[SourceVersionDate "2024.11.01"]
[SourceQuality "1"]

1. e4 c5 2. Nf3 Nc6 3. Bb5 e6 4. 0-0 Nge7 5. d4 cxd4 6. Nxd4 Qb6 7. Nxc6 bxc6 8. Be2 Ng6 9. c4 Be7 10. Nc3 Qc7 11. Be3 c5 12. f4 0-0 13. Bd3 d6 14. Qh5 Bf6 15. Bd2 Rd8 16. Rf3 Bb7 17. Rh3 Nf8 18. Rf1 a6 19. Kh1 Rab8 20. b3 g6 21. Qg4 d5 22. exd5 exd5 23. cxd5 Bxd5 24. f5 Qc8 25. Qg3 Rb6 26. fxg6 Nxg6 27. Bf5 Be6 28. Bxg6 hxg6 29. Rxf6 Bxh3 30. Rxb6 Qf5 31. Be3 Rd3 32. Rb8+ Kg7 33. Bh6+ Kh7 34. Qf4 Qd5 35. Rh8+ 1-0

[Event "Wch U20 Girls 41st"]
[Site "Petrovac"]
[Date "2025.02.28"]
[Round "4"]
[White "Wang, Qinxuanyi"]
[Black "Shukhman, Anna"]
[Result "1/2-1/2"]
[WhiteElo "2165"]
[BlackElo "2365"]
[PlyCount "75"]
[EventDate "2025.02.25"]
[EventType "swiss"]
[EventRounds "11"]
[EventCountry "MNE"]
[SourceTitle "CB11_2025"]
[SourceDate "2025.03.12"]
[SourceVersion "1"]
[SourceVersionDate "2025.03.12"]
[SourceQuality "1"]

1. d4 e6 2. c4 b6 3. Nf3 Bb7 4. a3 Nf6 5. Nc3 d5 6. cxd5 Nxd5 7. Qc2 Be7 8. e4 Nxc3 9. bxc3 0-0 10. Bd3 c5 11. 0-0 Nd7 12. Bf4 Rc8 13. Qe2 cxd4 14. cxd4 Nf6 15. a4 Rc3 16. Rfc1 Rxc1+ 17. Rxc1 Qa8 18. Nd2 Rc8 19. Re1 Rd8 20. Be5 Qc8 21. h3 Bb4 22. Rd1 Bxd2 23. Rxd2 Qc6 24. f3 a6 25. Rc2 Qxa4 26. Ra2 Qc6 27. Bxa6 Bxa6 28. Qxa6 Ne8 29. Qa4 b5 30. Qb4 f6 31. Bg3 Qc4 32. Qxc4 bxc4 33. Rc2 Rxd4 34. Bf2 Rd1+ 35. Kh2 Nd6 36. Bc5 Kf7 37. Bxd6 Rxd6 38. Rxc4 1/2-1/2

[Event "Wch U20 Girls 41st"]
[Site "Petrovac"]
[Date "2025.02.27"]
[Round "3"]
[White "Braeutigam, Katerina"]
[Black "Wang, Qinxuanyi"]
[Result "0-1"]
[WhiteElo "1981"]
[BlackElo "2165"]
[PlyCount "84"]
[EventDate "2025.02.25"]
[EventType "swiss"]
[EventRounds "11"]
[EventCountry "MNE"]
[SourceTitle "CB11_2025"]
[SourceDate "2025.03.12"]
[SourceVersion "1"]
[SourceVersionDate "2025.03.12"]
[SourceQuality "1"]

1. d4 d5 2. Bf4 Nf6 3. e3 c5 4. c3 Nc6 5. Nd2 Qb6 6. Qb3 c4 7. Qc2 Nh5 8. Be2 Nxf4 9. exf4 g6 10. b3 Bf5 11. Qb2 Rc8 12. Ngf3 Bg7 13. 0-0 Nxd4 14. Nxd4 Bxd4 15. cxd4 c3 16. Qc1 cxd2 17. Qxd2 Rc2 18. Qe3 0-0 19. g4 Bd7 20. Rfe1 e6 21. Bd1 Rc6 22. h4 Rfc8 23. Qd2 Rc3 24. Kg2 Qb4 25. Re2 Bb5 26. a3 Qd6 27. Re3 Qxf4 28. Qxc3 Rxc3 29. Rxc3 Qxd4 30. Rac1 Bc6 31. h5 Qf4 32. f3 d4 33. Rc4 Qxg4+ 34. Kf2 Qh4+ 35. Kg2 Qg5+ 36. Kf2 Qe3+ 37. Kg2 gxh5 38. a4 h4 39. R4c2 d3 40. Rc4 f5 41. b4 Qd2+ 42. Kh3 Qg5 0-1

[Event "TCh-CHN Div A Finals"]
[Site "Shaoxing"]
[Date "2024.12.04"]
[Round "2.1"]
[White "Wang, Qinxuanyi"]
[Black "Hu, Yu A"]
[Result "1/2-1/2"]
[WhiteElo "2156"]
[BlackElo "2084"]
[PlyCount "68"]
[EventDate "2024.12.02"]
[EventType "team-k.o."]
[EventRounds "4"]
[EventCountry "CHN"]
[SourceTitle "CB50_2024"]
[SourceDate "2024.11.01"]
[SourceVersion "1"]
[SourceVersionDate "2024.11.01"]
[SourceQuality "2"]
[WhiteTeam "Guangdong"]
[BlackTeam "Shandong"]
[WhiteTeamCountry "CHN"]
[BlackTeamCountry "CHN"]

1. d4 Nf6 2. c4 e6 3. Nf3 d5 4. Nc3 c5 5. cxd5 Nxd5 6. e4 Nxc3 7. bxc3 cxd4 8. cxd4 Bb4+ 9. Bd2 Bxd2+ 10. Qxd2 0-0 11. Bc4 b6 12. 0-0 Bb7 13. Rfe1 Nd7 14. Rad1 Rc8 15. Bb3 h6 16. Re3 Qc7 17. Qe2 Rfd8 18. d5 Nc5 19. Bc2 Ba6 20. Qe1 Bc4 21. Nd4 b5 22. Nc6 Re8 23. h3 Nd7 24. Bb1 Ne5 25. Nd4 Qb6 26. Kh1 Ng6 27. Nf3 Red8 28. dxe6 Bxe6 29. e5 Nf4 30. Re4 Rxd1 31. Qxd1 Nd5 32. Rd4 Nc3 33. Qd3 Nxb1 34. Qxb1 Qc5 1/2-1/2

[Event "TCh-CHN Div A Finals"]
[Site "Shaoxing"]
[Date "2024.12.03"]
[Round "1.2"]
[White "Wang, Qinxuanyi"]
[Black "Zhao, Yunqing"]
[Result "1/2-1/2"]
[WhiteElo "2156"]
[BlackElo "2115"]
[PlyCount "93"]
[EventDate "2024.12.02"]
[EventType "team-k.o."]
[EventRounds "4"]
[EventCountry "CHN"]
[SourceTitle "CB50_2024"]
[SourceDate "2024.11.01"]
[SourceVersion "1"]
[SourceVersionDate "2024.11.01"]
[SourceQuality "2"]
[WhiteTeam "Guangdong"]
[BlackTeam "Shenzhen Qiyuwenhua"]
[WhiteTeamCountry "CHN"]
[BlackTeamCountry "CHN"]

1. d4 d5 2. c4 c6 3. Nf3 Nf6 4. Nc3 e6 5. e3 Nbd7 6. Qc2 Bd6 7. Be2 dxc4 8. Bxc4 0-0 9. 0-0 b5 10. Be2 Bb7 11. Rd1 Qc7 12. e4 e5 13. Bg5 exd4 14. Rxd4 Ne5 15. h3 Nxf3+ 16. Bxf3 Be5 17. Bxf6 gxf6 18. Rdd1 Rfd8 19. Bg4 Rxd1+ 20. Nxd1 c5 21. Bf5 Bd4 22. Nc3 a6 23. Ne2 Rd8 24. Rd1 Be5 25. Rc1 c4 26. Nc3 b4 27. Nd5 Bxd5 28. exd5 Rxd5 29. Bxh7+ Kf8 30. Be4 Rd4 31. Bf3 Qa5 32. b3 c3 33. Rd1 Qc5 34. Rxd4 Qxd4 35. Kf1 Qf4 36. Ke2 Bd4 37. g3 Qe5+ 38. Kf1 f5 39. h4 Qc5 40. Bd1 Qd5 41. Qd3 Qc5 42. Qc2 Kg7 43. Qe2 Qa5 44. Qc4 Be5 45. Bh5 Qc7 46. Qxc7 Bxc7 47. Bd1 1/2-1/2

[Event "TCh-CHN Div A Finals"]
[Site "Shaoxing"]
[Date "2024.12.02"]
[Round "1.1"]
[White "Wang, Qinxuanyi"]
[Black "Du, Yuxin"]
[Result "1-0"]
[WhiteElo "2156"]
[BlackElo "2067"]
[PlyCount "73"]
[EventDate "2024.12.02"]
[EventType "team-k.o."]
[EventRounds "4"]
[EventCountry "CHN"]
[SourceTitle "CB50_2024"]
[SourceDate "2024.11.01"]
[SourceVersion "1"]
[SourceVersionDate "2024.11.01"]
[SourceQuality "2"]
[WhiteTeam "Guangdong"]
[BlackTeam "Shenzhen Qiyuwenhua"]
[WhiteTeamCountry "CHN"]
[BlackTeamCountry "CHN"]

1. d4 Nf6 2. c4 e6 3. Nf3 d5 4. Nc3 Be7 5. Bf4 0-0 6. e3 b6 7. cxd5 Nxd5 8. Nxd5 Qxd5 9. a3 Bd6 10. Bxd6 Qxd6 11. Bd3 Nd7 12. Qc2 h6 13. 0-0 Bb7 14. Rfd1 Rfc8 15. Rac1 Qe7 16. b4 c5 17. dxc5 bxc5 18. b5 c4 19. Bf1 Bxf3 20. gxf3 Qg5+ 21. Bg2 Qe7 22. a4 Rab8 23. f4 Nf6 24. Bc6 e5 25. Qxc4 exf4 26. Qxf4 Qe6 27. Rd6 Nh5 28. Qd4 Qe7 29. Rd7 Qg5+ 30. Kh1 a6 31. Rd5 Qf6 32. Rxh5 Rxc6 33. bxc6 Qf3+ 34. Kg1 Qxh5 35. c7 Qg5+ 36. Kf1 Rc8 37. Qd7 1-0

[Event "CHN-ch Blitz (Women)"]
[Site "Hohhot"]
[Date "2024.11.14"]
[Round "6"]
[White "Wang, Qinxuanyi"]
[Black "Song, Yuxin"]
[Result "0-1"]
[WhiteElo "2156"]
[BlackElo "2317"]
[PlyCount "106"]
[EventDate "2024.11.13"]
[EventType "swiss (blitz)"]
[EventRounds "9"]
[EventCountry "CHN"]
[SourceTitle "CB49_2024"]
[SourceDate "2024.12.04"]
[SourceVersion "1"]
[SourceVersionDate "2024.12.04"]
[SourceQuality "1"]

1. d4 Nf6 2. c4 e6 3. Nf3 h6 4. Bf4 Bb4+ 5. Nbd2 b6 6. a3 Bxd2+ 7. Qxd2 Bb7 8. g3 d6 9. Bg2 Nbd7 10. 0-0 0-0 11. Rfd1 Qe7 12. b4 Rfe8 13. Qc2 Be4 14. Qc3 Rad8 15. Nd2 Bxg2 16. Kxg2 e5 17. dxe5 Nxe5 18. Nf3 Ng6 19. e3 Ne4 20. Qc2 Nf8 21. g4 Qd7 22. h3 Ng6 23. Bh2 Qc6 24. Nd4 Qb7 25. Kf1 Ng5 26. Bg3 Qh1+ 27. Ke2 Qxh3 28. Qf5 Re4 29. Nc6 Rde8 30. Nxa7 Ne7 31. Qd7 Qxg4+ 32. Qxg4 Rxg4 33. Nb5 Rxc4 34. Rac1 Rxc1 35. Rxc1 Nd5 36. Kd1 Ne4 37. Nxc7 Nxc7 38. Rxc7 Nxg3 39. fxg3 Rxe3 40. a4 Rxg3 41. Rc6 Ra3 42. Rxd6 Rxa4 43. Rxb6 h5 44. Ke2 h4 45. Kf3 Ra3+ 46. Kg4 h3 47. Rb5 g6 48. Rc5 Rb3 49. Rc8+ Kg7 50. Rc4 f5+ 51. Kg5 Rg3+ 52. Kh4 Rg4+ 53. Rxg4 fxg4 0-1

[Event "CHN-ch Blitz (Women)"]
[Site "Hohhot"]
[Date "2024.11.14"]
[Round "9"]
[White "Wang, Qinxuanyi"]
[Black "Zhang, Xiao"]
[Result "0-1"]
[WhiteElo "2156"]
[BlackElo "2009"]
[PlyCount "78"]
[EventDate "2024.11.13"]
[EventType "swiss (blitz)"]
[EventRounds "9"]
[EventCountry "CHN"]
[SourceTitle "CB49_2024"]
[SourceDate "2024.12.04"]
[SourceVersion "1"]
[SourceVersionDate "2024.12.04"]
[SourceQuality "1"]

1. Nf3 b6 2. d4 Bb7 3. c4 Nf6 4. Nc3 d6 5. Qc2 c5 6. d5 g6 7. e4 Bg7 8. Bd3 Nbd7 9. 0-0 0-0 10. Re1 e5 11. dxe6 fxe6 12. Bf4 d5 13. exd5 exd5 14. cxd5 Nxd5 15. Bg5 Bf6 16. Bxf6 N7xf6 17. Bc4 Kh8 18. Nxd5 Nxd5 19. Rad1 Rf5 20. Qe4 Qg8 21. Nh4 Rh5 22. Nf3 Rf8 23. Ne5 Rd8 24. Ng4 Qg7 25. Rd3 Qc7 26. Red1 Qc6 27. Bxd5 Rhxd5 28. Ne3 Rxd3 29. Rxd3 Qxe4 30. Rxd8+ Kg7 31. Rd1 c4 32. Kf1 b5 33. Ke2 b4 34. f3 Qe6 35. Rd4 c3 36. bxc3 bxc3 37. Kd3 Ba6+ 38. Nc4 Bxc4+ 39. Rxc4 Qxc4+ 0-1

[Event "CHN-ch Rapid (Women)"]
[Site "Hohhot"]
[Date "2024.11.13"]
[Round "9"]
[White "Lu, Miaoyi"]
[Black "Wang, Qinxuanyi"]
[Result "1-0"]
[WhiteElo "2326"]
[BlackElo "2156"]
[PlyCount "59"]
[EventDate "2024.11.12"]
[EventType "swiss (rapid)"]
[EventRounds "9"]
[EventCountry "CHN"]
[SourceTitle "CB49_2024"]
[SourceDate "2024.12.04"]
[SourceVersion "1"]
[SourceVersionDate "2024.12.04"]
[SourceQuality "1"]

1. e4 c5 2. Nf3 Nc6 3. Nc3 e5 4. Bc4 d6 5. d3 Be7 6. 0-0 Nf6 7. Bg5 0-0 8. Bxf6 Bxf6 9. Nd5 Be6 10. c3 a6 11. a4 Rb8 12. Ne3 b5 13. axb5 axb5 14. Bd5 Ne7 15. Bxe6 fxe6 16. Ra6 Qd7 17. d4 exd4 18. cxd4 cxd4 19. Nxd4 Rfd8 20. Ng4 Bxd4 21. Qxd4 Nc6 22. Qc3 Rbc8 23. Qg3 Kh8 24. Rd1 d5 25. h4 Qf7 26. Ne5 Qb7 27. Rda1 d4 28. Nxc6 Rxc6 29. Ra7 Rc1+ 30. Kh2 1-0